Preparing for the twenty-first century (Record no. 7161)

000 -LEADER
fixed length control field 00480 a2200181 4500
020 ## - INTERNATIONAL STANDARD BOOK NUMBER
International Standard Book Number 0394584430
040 ## - CATALOGING SOURCE
Original cataloging agency DLC
Language of cataloging DLC
082 ## - DEWEY DECIMAL CLASSIFICATION NUMBER
Classification number 303.490905
082 ## - DEWEY DECIMAL CLASSIFICATION NUMBER
Classification number 303.490905
100 1# - MAIN ENTRY--PERSONAL NAME
Personal name Kennedy, Paul M.
245 00 - TITLE STATEMENT
Title Preparing for the twenty-first century
Statement of responsibility, etc. Paul Kennedy
250 ## - EDITION STATEMENT
Edition statement 1. ed.
260 ## - PUBLICATION, DISTRIBUTION, ETC.
Place of publication, distribution, etc. New York, N.Y. :
Name of publisher, distributor, etc. Random House,
Date of publication, distribution, etc. 1993
300 ## - PHYSICAL DESCRIPTION
Extent xvi, 428 s. :
Other physical details diagr., tab.
650 #0 - SUBJECT ADDED ENTRY--TOPICAL TERM
Topical term or geographic name entry element Twenty-first century
655 #4 - INDEX TERM--GENRE/FORM
Genre/form data or focus term Bok
942 ## - ADDED ENTRY ELEMENTS (KOHA)
Koha item type Book
Call number prefix 303.490905 KEN
Source of classification or shelving scheme
Holdings
Withdrawn status Lost status Damaged status Not for loan Collection code Permanent Location Current Location Shelving location Date acquired Source of acquisition Cost, normal purchase price Total Checkouts Full call number Barcode Date last seen Price effective from Koha item type Date last checked out
          Central Library (CL) Central Library (CL) General Stacks 11/27/2006 Donation 0.00   303.490905 KEN SEECS007812 11/14/2012 01/05/2017 Book  
          Central Library (CL) Central Library (CL) General Stacks 12/13/2005 Donation     303.490905 KEN SEECS006752 11/14/2012 01/05/2017 Book  
          Central Library (CL) Central Library (CL) General Stacks 12/22/2009 Donation 0.00   303.490905 KEN SEECS009875 11/14/2012 01/05/2017 Book  
          Central Library (CL) Central Library (CL) General Stacks 05/17/2014     1 303.490905 KEN SEECSD00582 11/30/2024 01/05/2017 Book 10/13/2024
© 2023 Central Library, National University of Sciences and Technology. All Rights Reserved.